Central Library OPAC University of Rajshahi

Plato with an English translation / (Record no. 34326)

MARC details
000 -LEADER
fixed length control field 00774nam a22002653a 4500
001 - CONTROL NUMBER
control field 34326
003 - CONTROL NUMBER IDENTIFIER
rucl marc code BD-RjUL
005 - DATE AND TIME OF LATEST TRANSACTION
control field 20211209052136.0
008 - FIXED-LENGTH DATA ELEMENTS--GENERAL INFORMATION
fixed length control field 140515r19531926e 001 0 eng d
035 ## - SYSTEM CONTROL NUMBER
System control number (BD-RjUL)34420
040 ## - CATALOGING SOURCE
Original cataloging agency BD-RjUL
Language of cataloging eng
Transcribing agency BD-RjUL
Modifying agency BD-RjUL
041 ## - LANGUAGE CODE
Language code of text/sound track or separate title eng
082 ## - DEWEY DECIMAL CLASSIFICATION NUMBER
Classification number 488.6421
Author mark and year PLP 1953
100 0# - MAIN ENTRY--PERSONAL NAME
Personal name Plato.
9 (RLIN) 104378
245 10 - TITLE STATEMENT
Title Plato with an English translation /
Statement of responsibility, etc. by H.N.Fowler
260 ## - PUBLICATION, DISTRIBUTION, ETC. (IMPRINT)
Place of publication, distribution, etc. London :
Date of publication, distribution, etc. 1926 [Reprinted 1953].
Name of publisher, distributor, etc. Harverd Unversity Press,
300 ## - PHYSICAL DESCRIPTION
Pagination vii, 167 p. ;
Size 16 cm
490 1# - SERIES STATEMENT
Series statement Loeb classical library ;
Volume/sequential designation 6
504 ## - BIBLIOGRAPHY, ETC. NOTE
Bibliography, etc Includes index.
650 ## - SUBJECT ADDED ENTRY--TOPICAL TERM
Topical term or geographic name as entry element Greek literature
9 (RLIN) 104379
700 ## - ADDED ENTRY--PERSONAL NAME
Personal name H.N.Fowler
830 #0 - SERIES ADDED ENTRY--UNIFORM TITLE
Volume number/sequential designation 165.
830 #0 - SERIES ADDED ENTRY--UNIFORM TITLE
Uniform title Loeb classical library ;
942 ## - ADDED ENTRY ELEMENTS (KOHA)
Source of classification or shelving scheme Dewey Decimal Classification
Koha item type Books
Holdings
Lost status Source of classification or shelving scheme Damaged status Not for loan Collection code Permanent Location Current Location Shelving location Date acquired Source of acquisition Cost, normal purchase price Total Checkouts Full call number Date last seen Copy number Koha item type
  Dewey Decimal Classification   Not For Loan Non-fiction Central Library, University of Rajshahi Central Library, University of Rajshahi Reading Room 10/03/1955 Simphin Morshall 15.00   321.07 PLP 1953 15/05/2014 C-1 Books